Ethnographica
| Médium: | Seriál |
|---|---|
| Jazyk: | slovenčina čeština nemčina ruština |
| Fyzický popis: | zv. cm |
| Vydavateľské údaje: |
Brno
Moravské muzeum
1959-[1978]
|
| Predmet: |
MARC
| LEADER | 00000cas a2200000 a 4500 | ||
|---|---|---|---|
| 001 | vtls001477906 | ||
| 003 | SK-MaSNL | ||
| 005 | 20260228160706.0 | ||
| 008 | 040707d19591978xr ar 0 0 0slo d | ||
| 035 | |a SNK000433206 | ||
| 040 | |a SNK |b slo |c SNK |e AACR2 | ||
| 041 | 0 | |a cze |a ger |a rus | |
| 044 | |a xr |c CZ | ||
| 072 | 7 | |a 39 |x Etnológia. Etnografia. Folklór |2 konspekt | |
| 080 | |a 39 |2 2011 | ||
| 080 | |a 050 |2 2011 | ||
| 080 | |a (051)-048.55 |2 2011 | ||
| 245 | 0 | 0 | |a Ethnographica |
| 260 | |a Brno |b Moravské muzeum |c 1959-[1978] | ||
| 300 | |a zv. |c cm | ||
| 310 | |a 1x ročne | ||
| 362 | 0 | |a Roč. 1 (1959)-roč. 12 [1978] | |
| 546 | |a Text aj v nem., ruš. | ||
| 650 | 0 | 7 | |a etnografia |2 SNKPH |9 950 |
| 655 | 7 | |a špecializované časopisy |2 SNKPH |9 70509 | |
| 710 | 2 | |a Moravské muzeum (Brno, Česko) |4 pbl |9 99509 | |
| 910 | |a snk | ||
| 999 | |c 3377 |d 5307 | ||
| 952 | |0 0 |1 1 |4 0 |7 0 |a SNK |b SNK |d 2004-07-07 |i snkKIP 250/70 |l 0 |o snkČC 1495/7-8/1965-1968/1 |p 17A0433851 |r 2005-01-02 00:00:00 |w 2026-02-21 |y PREZ | ||


